UBT Library

The recording engineer's handbook / (Record no. 42724)

000 -LEADER
fixed length control field 00798cam a22002657a 4500
001 - CONTROL NUMBER
control field 15410146
005 - DATE AND TIME OF LATEST TRANSACTION
control field 20180216033034.0
008 - FIXED-LENGTH DATA ELEMENTS--GENERAL INFORMATION
fixed length control field 080812s2009 maua f 001 0 eng c
010 ## - LIBRARY OF CONGRESS CONTROL NUMBER
LC control number 2008935092
020 ## - INTERNATIONAL STANDARD BOOK NUMBER
International Standard Book Number 9781598638677
020 ## - INTERNATIONAL STANDARD BOOK NUMBER
International Standard Book Number 159863867X
035 ## - SYSTEM CONTROL NUMBER
System control number (OCoLC)ocn251217009
040 ## - CATALOGING SOURCE
Original cataloging agency BTCTA
Transcribing agency BTCTA
Modifying agency ORX
-- YDXCP
-- TXA
-- SFR
-- UBY
-- DLC
041 ## - LANGUAGE CODE
Language code of text/sound track or separate title eng
042 ## - AUTHENTICATION CODE
Authentication code pcc
080 ## - UNIVERSAL DECIMAL CLASSIFICATION NUMBER
Universal Decimal Classification number 78 bob
082 ## - DEWEY DECIMAL CLASSIFICATION NUMBER
Edition number 78 bob
100 1# - Rafti
Rafti 45
101 ## - Shkurtesa
Shkurtesa muz
245 14 - TITLE STATEMENT
Title The recording engineer's handbook /
Statement of responsibility, etc Bobby Owsinski.
906 ## - LOCAL DATA ELEMENT F, LDF (RLIN)
a 7
b cbc
c pccadap
d 2
e epcn
f 20
g y-gencatlg
942 ## - ADDED ENTRY ELEMENTS (KOHA)
Source of classification or shelving scheme
Item type Books
Holdings
Withdrawn status Lost status Source of classification or shelving scheme Damaged status Not for loan Collection code Permanent location Current location Shelving location Date acquired Total Checkouts Full call number Barcode Date last seen Price effective from Koha item type
          Koleksioni i përgjithshem UBT - Lipjan UBT - Lipjan Koleksioni i përgjithshem 02/16/2018   78 bob 002-2998125 02/16/2018 02/16/2018 Books
          Koleksioni i përgjithshem UBT - Lipjan UBT - Lipjan Koleksioni i përgjithshem 02/16/2018   78 bob 002-2998120 02/16/2018 02/16/2018 Books
          Koleksioni i përgjithshem UBT - Lipjan UBT - Lipjan Koleksioni i përgjithshem 02/16/2018   78 bob 002-2997267 02/16/2018 02/16/2018 Books
          Koleksioni i përgjithshem UBT - Lipjan UBT - Lipjan Koleksioni i përgjithshem 02/16/2018   78 bob 002-2997272 02/16/2018 02/16/2018 Books
UBT Library © 2015-2024. All rights reserved University Education for Business and Technology